000 00692nam a2200229Ia 4500
005 20260430150119.0
008 008 250103s9999 xx 000 0 eng d
037 _aTheses
040 _aCRL
040 _beng
040 _ceng
041 _2eng
041 _aeng
084 _qCRL
100 _aTiwari Kaushlendra Kumar Au.; Tribhuwan Prasad Gu.
_91236498
245 0 _aPenal Transportation in India and South Africa with Special Reference to Andaman & Robben islands from 18th to 20th Century
260 _c2022
300 _a219p.
700 _aUniversity of Delhi. Faculty of Social Science. Deptt. of African Studies
_91236499
942 _cTH
999 _c1848979
_d1848979